The hill of flutes : life, love, and poetry in tribal India : a portrait of the Santals /

Bibliographic Details
Main Author: Archer, W. G. (William George), 1907-1979
Format: Book
Language:English
Published: [Pittsburgh] : University of Pittsburgh Press, 1974.
Subjects:

MARC

Tag First Indicator Second Indicator Subfields
LEADER 00000cam a2200000 i 4500
001 in00000236313
005 20151010050736.0
008 750114s1974 pauaf b 00110 eng
010 |a  73013311  
020 |a 0822911124 :  |c $11.95 
035 |a (OCoLC)01157399 
035 |9 ABB1843AM 
040 |a DLC  |c DLC  |d TXA  |d UtOrBLW 
043 |a a-ii--- 
049 |a TXAM  |c [1028344] 
050 0 0 |a DS432.S2  |b A72 1974 
082 0 |a 301.29/54/12 
100 1 |a Archer, W. G.  |q (William George),  |d 1907-1979. 
245 1 4 |a The hill of flutes :  |b life, love, and poetry in tribal India : a portrait of the Santals /  |c W. G. Archer. 
264 1 |a [Pittsburgh] :  |b University of Pittsburgh Press,  |c 1974. 
300 |a 375 pages, 10 unnumbered leaves of plates :  |b illustrations ;  |c 25 cm. 
336 |a text  |b txt  |2 rdacontent 
337 |a unmediated  |b n  |2 rdamedia 
338 |a volume  |b nc  |2 rdacarrier 
500 |a Includes indexes. 
504 |a Bibliography: pages 354-358. 
650 0 |a Santal (South Asian people)  |x Social life and customs. 
999 |a MARS 
999 f f |s 5e092bb6-901a-3d31-8e32-4d6f6159c438  |i ade77fa2-0dbd-3524-9cc3-cab55fa3f5e4  |t 0 
952 f f |p ric  |a Texas A&M University  |b Rellis Campus  |c Joint Library Facility  |d Remote Storage  |t 0  |e DS432.S2 A72 1974  |h Library of Congress classification  |i unmediated -- volume  |m A14802046075 
998 f f |a DS432.S2 A72 1974  |t 0  |l Remote Storage